000 00386nam a22001577a 4500
003 OSt
005 20211026090851.0
008 211026b |||||||| |||| 00| 0 eng d
020 _a9780199203901
040 _aHU
_cDDc
082 _a349.42/FIN
245 _aLegal skills
260 _aGreat Britain
_bOxford university press
_c2007
300 _axiiii,404p,32cm
942 _2ddc
_cBOOKS
_n0
999 _c14840
_d14840